[Event "Sarajevo Bosna op 48th"]
[Site "Sarajevo"]
[Date "2018.05.08"]
[Round "6"]
[White "Kanyamarala, Tarun"]
[Black "Bies, Brian"]
[Result "1-0"]
[WhiteElo "2006"]
[BlackElo "1610"]
[PlyCount "91"]
[EventDate "2018.05.05"]
[EventType "swiss"]
[EventRounds "9"]
[EventCountry "BIH"]
[SourceTitle "CBM 184 Extra"]
[Source "ChessBase"]
[SourceDate "2018.06.28"]
[SourceVersion "1"]
[SourceVersionDate "2018.06.28"]
[SourceQuality "1"]

1. Nf3 d5 2. c4 Nf6 3. cxd5 Nxd5 4. d4 Nc6 5. e4 Nb6 6. Nc3 Bg4 7. d5 Ne5 8. Nxe5 Bxd1 9. Bb5+ c6 10. dxc6 Bg4 11. c7+ Qd7 12. Nxg4 e6 13. Bxd7+ Nxd7 14. f3 Bb4 15. Bd2 a6 16. Ne3 Ba5 17. Rc1 Bxc7 18. Nb5 axb5 19. Rxc7 b6 20. Ke2 Nc5 21. b4 Na4 22. Rhc1 0-0 23. R1c2 h5 24. Nd1 f5 25. Nc3 fxe4 26. fxe4 Nxc3+ 27. Bxc3 Rf4 28. Rxg7+ Kf8 29. Ke3 Rf1 30. Rf2+ Rxf2 31. Kxf2 Rxa2+ 32. Kf3 Ra3 33. Rc7 Ke8 34. Kf4 Kd8 35. Be5 Rb3 36. Rh7 Rxb4 37. Bc7+ Ke8 38. Bxb6 Rb2 39. Kf3 Rc2 40. Rxh5 b4 41. Rb5 Rc3+ 42. Kf4 b3 43. h4 Rc2 44. Rxb3 Rxg2 45. Bd4 Rh2 46. Bf6 1-0